| 000 | 00491nam a2200157Ia 4500 | ||
|---|---|---|---|
| 008 | 210210b2004 xxu||||| |||| 00| 0 eng d | ||
| 020 | _a81 229 0170 0 | ||
| 082 | _a302.23 DEMM | ||
| 100 | _aDEMERS (David) and VISWANATH (K). | ||
| 245 | _aMass media, social control, and social change a macrosocial perspective. | ||
| 260 |
_aDelhi _bSurjeet Publications, _c2004 |
||
| 300 | _axii,454 | ||
| 650 | _aMass media social control social change | ||
| 690 | _aCommunication | ||
| 906 | _a059219 | ||
| 999 |
_c106461 _d106461 |
||